000 00779 a2200205 4500
001 59557
005 20260407155849.0
008 260407a1967 arg spa d
003 AR-UNSa-BCEJYS
040 _aAR-UNSa-BCEJYS
_bspa
_cAR-UNSa-BCEJYS
080 _a330(82)
_xEconomia Argentina
245 1 0 _aLas etapas del desarrollo económico
264 1 _aBuenos Aires :
_bEUDEBA (Editorial Universitaria de Buenos Aires)
_c1967
300 _a540 p.
_c23 cm.
505 _a1. Introducción - 2. Período de preacondicionamiento (1876-1913) - 3. La demora (1914-1933) - 4. Período del crecimiento autogenerado - 5. Conclusiones - 6. Implicaciones teóricas
942 _cBK
590 _aniveau_biblio:m niveau_hierar:0
100 1 _aDi Tella, Guido
700 1 _aZymelman, Manuel
999 _c6736
_d6736